[Event "North American Open 2014"]
[Site "Las Vegas"]
[Date "2014.12.29"]
[Round "7.9"]
[White "Kavutskiy, Kostya"]
[Black "Dlugy, Maxim"]
[Result "0-1"]
[WhiteElo "2332"]
[BlackElo "2494"]
[PlyCount "93"]
[EventDate "2014.12.??"]
[EventType "swiss"]
[EventRounds "9"]
[EventCountry "USA"]
[Source "MonRoi"]

1. d4 g6 2. c4 Bg7 3. e4 d6 4. Nc3 Nf6 5. f3 O-O 6. Nge2 c5 7. d5 e6 8. Ng3
exd5 9. cxd5 a6 10. a4 h5 11. Bg5 Re8 12. Be2 Qb6 13. Qd2 Nh7 14. a5 Qc7 15.
Bh6 Bd4 16. Be3 Bxe3 17. Qxe3 b5 18. axb6 Qxb6 19. Rb1 a5 20. Nf1 Ba6 21. Nd2
Nd7 22. h3 Bxe2 23. Qxe2 Qa6 24. Qxa6 Rxa6 25. Nc4 Ne5 26. Nxe5 Rxe5 27. Kd2 f5
28. f4 Re7 29. exf5 gxf5 30. Rbe1 Rg7 31. Re8+ Nf8 32. Rb8 Rxg2+ 33. Kd3 Ra7
34. Re1 Kg7 35. Kc4 Rf2 36. Rd8 Rxb2 37. Rxd6 Rb4+ 38. Kxc5 Nd7+ 39. Rxd7+ Rxd7
40. d6 Rxf4 41. Nd5 Re4 42. Rg1+ Kf7 43. Kc6 Rd8 44. Kc7 Rf8 45. d7 a4 46. Nb6
Rd4 47. Rg3 0-1

[Event "North American Open 2014"]
[Site "Las Vegas"]
[Date "2014.12.29"]
[Round "7.10"]
[White "Chandra, Akshat"]
[Black "Kretchetov, Alexandre"]
[Result "1/2-1/2"]
[WhiteElo "2489"]
[BlackElo "2264"]
[PlyCount "93"]
[EventDate "2014.12.??"]
[EventType "swiss"]
[EventRounds "9"]
[EventCountry "USA"]
[Source "MonRoi"]

1. e4 e5 2. Nf3 Nc6 3. Bb5 g6 4. O-O Bg7 5. c3 a6 6. Ba4 d6 7. d4 Bd7 8. Re1
Nge7 9. d5 Nb8 10. c4 O-O 11. Nc3 h6 12. b4 f5 13. Bb2 Bxa4 14. Nxa4 Nd7 15.
Nd2 Nf6 16. Qb3 Kh7 17. Rad1 Rg8 18. c5 h5 19. Nc3 Bh6 20. Nc4 b5 21. cxb6 cxb6
22. b5 a5 23. Ba3 Nc8 24. exf5 gxf5 25. Qc2 Qd7 26. Na4 Rb8 27. Bb2 Rb7 28. Rd3
Ne4 29. Rh3 Qg7 30. f3 Rc7 31. fxe4 Rxc4 32. Nc3 f4 33. Qe2 Qg4 34. Kf1 Rg7 35.
Rxh5 Qg6 36. Rh3 Ne7 37. Kg1 Ng8 38. Kh1 Nf6 39. Rf3 Kh8 40. Rf2 Ng4 41. Rf3
Ne3 42. g3 Rc8 43. Rg1 Kh7 44. Qd3 Qh5 45. Qe2 Qg6 46. Qd3 Qh5 47. Qe2 1/2-1/2

[Event "North American Open 2014"]
[Site "Las Vegas"]
[Date "2014.12.29"]
[Round "7.11"]
[White "Gallego, Andres"]
[Black "Atoufi, Pedram"]
[Result "1-0"]
[WhiteElo "2411"]
[BlackElo "2274"]
[PlyCount "77"]
[EventDate "2014.12.??"]
[EventType "swiss"]
[EventRounds "9"]
[EventCountry "USA"]
[Source "MonRoi"]

1. d4 Nf6 2. c4 g6 3. Nc3 Bg7 4. e4 d6 5. Nf3 O-O 6. Be2 Na6 7. O-O e5 8. Be3
Ng4 9. Bg5 Qe8 10. h3 exd4 11. Nxd4 Nf6 12. Re1 Nxe4 13. Bf3 Nxg5 14. Rxe8
Nxf3+ 15. Qxf3 Rxe8 16. Rd1 Be5 17. Nd5 Kf8 18. Nf6 Re7 19. Nxh7+ Kg7 20. Ng5
c6 21. h4 Bd7 22. Qa3 Rae8 23. Ndf3 Bg4 24. Re1 Bf6 25. Rxe7 Bxe7 26. Qe3 f6
27. Ne6+ Kf7 28. Qf4 Bf5 29. Ned4 Bc8 30. h5 gxh5 31. Qh6 Bf8 32. Qh7+ Bg7 33.
Qxh5+ Kf8 34. Nh4 Re1+ 35. Kh2 Nc5 36. Ndf5 Bxf5 37. Nxf5 Ne6 38. Nxd6 Nd8 39.
Qa5 1-0

[Event "North American Open 2014"]
[Site "Las Vegas"]
[Date "2014.12.29"]
[Round "7.13"]
[White "Sheng, Joshua"]
[Black "Molner, Mackenzie"]
[Result "0-1"]
[WhiteElo "2256"]
[BlackElo "2522"]
[PlyCount "70"]
[EventDate "2014.12.??"]
[EventType "swiss"]
[EventRounds "9"]
[EventCountry "USA"]
[Source "MonRoi"]

1. e4 c5 2. Nf3 d6 3. Bb5+ Nd7 4. d4 Ngf6 5. Nc3 cxd4 6. Qxd4 g6 7. Bg5 Bg7 8.
O-O O-O 9. Bxd7 Bxd7 10. Qd3 h6 11. Be3 b5 12. Rad1 b4 13. Nd5 Nxd5 14. exd5
Qa5 15. Qd2 Qxa2 16. b3 Bg4 17. Nd4 Bxd1 18. Rxd1 Kh7 19. Nc6 Bc3 20. Qe2 Rfe8
21. h4 e6 22. h5 exd5 23. Rxd5 Re6 24. Qf3 Rf6 25. hxg6+ Rxg6 26. Qxf7+ Bg7 27.
Qf5 Qa1+ 28. Kh2 Qf6 29. Qd3 Rc8 30. Nd4 Qh4+ 31. Kg1 Be5 32. Rxe5 dxe5 33. Nf5
Qd8 34. Qe4 Qd1+ 35. Kh2 Qxc2 0-1

[Event "North American Open 2014"]
[Site "Las Vegas"]
[Date "2014.12.29"]
[Round "7.14"]
[White "Yankovsky, Roman"]
[Black "Adamson, Robby"]
[Result "1-0"]
[WhiteElo "2436"]
[BlackElo "2249"]
[PlyCount "41"]
[EventDate "2014.12.??"]
[EventType "swiss"]
[EventRounds "9"]
[EventCountry "USA"]
[Source "MonRoi"]

1. e4 c6 2. d4 d5 3. e5 Bf5 4. g4 Be4 5. f3 Bg6 6. e6 Qd6 7. exf7+ Bxf7 8. Qe2
Nd7 9. Nh3 c5 10. Nc3 Qb6 11. dxc5 Qxc5 12. Be3 d4 13. Ne4 Qb6 14. Bxd4 Qxd4
15. Rd1 Qe5 16. f4 Qa5+ 17. b4 Qxa2 18. Nd6+ Kd8 19. Nxf7+ Qxf7 20. Ng5 Qf6 21.
Qd3 1-0

[Event "North American Open 2014"]
[Site "Las Vegas"]
[Date "2014.12.29"]
[Round "7.16"]
[White "Gurevich, Daniel"]
[Black "Velikanov, Alexander"]
[Result "1/2-1/2"]
[WhiteElo "2365"]
[BlackElo "2234"]
[PlyCount "69"]
[EventDate "2014.12.??"]
[EventType "swiss"]
[EventRounds "9"]
[EventCountry "USA"]
[Source "MonRoi"]

1. e4 c5 2. Nf3 e6 3. Nc3 Nc6 4. d4 cxd4 5. Nxd4 Qc7 6. g3 a6 7. Bg2 h5 8. O-O
h4 9. Re1 hxg3 10. hxg3 Bc5 11. Nxc6 bxc6 12. e5 f6 13. Qg4 Kf8 14. Bf4 f5 15.
Qe2 Be7 16. Qd2 Bb7 17. Rad1 Rd8 18. Bg5 c5 19. Bxe7+ Nxe7 20. Qd6 Qc8 21. Na4
Bxg2 22. Kxg2 Kf7 23. f3 Qb7 24. Qb6 Qa8 25. Nxc5 Rb8 26. Qd6 Rxb2 27. Re2 Rh6
28. Nd3 Rxa2 29. Qxd7 g5 30. Nc5 Qh8 31. Rh1 Rxh1 32. Qxe6+ Ke8 33. Qd7+ Kf7
34. Qe6+ Ke8 35. Qd7+ 1/2-1/2

[Event "North American Open 2014"]
[Site "Las Vegas"]
[Date "2014.12.29"]
[Round "7.17"]
[White "Inapuri, Ramya"]
[Black "Shetty, Atulya"]
[Result "1/2-1/2"]
[WhiteElo "2107"]
[BlackElo "2307"]
[PlyCount "106"]
[EventDate "2014.12.??"]
[EventType "swiss"]
[EventRounds "9"]
[EventCountry "USA"]
[Source "MonRoi"]

1. g3 d5 2. d4 Nf6 3. Bg2 c6 4. Nf3 Bf5 5. O-O e6 6. b3 Nbd7 7. Bb2 h6 8. Nbd2
Be7 9. Ne5 O-O 10. c4 a5 11. e3 a4 12. Nxd7 Qxd7 13. Qe2 Bb4 14. Nb1 axb3 15.
axb3 Rxa1 16. Bxa1 Qd8 17. Rc1 Qa5 18. Bc3 Bxc3 19. Nxc3 Qa3 20. Qd1 Ra8 21. c5
Ra5 22. Bf1 Ne4 23. Na4 Qa2 24. Be2 Nd2 25. Ra1 Qxb3 26. Qxd2 Rxa4 27. Rxa4
Qxa4 28. Qb2 Qa5 29. Qc1 Qa2 30. Qd1 Bc2 31. Qe1 Qb3 32. Qc1 Be4 33. Qd1 Qc3
34. Bf3 Bf5 35. Bg4 Bg6 36. Bh5 Bd3 37. Be2 Bc2 38. Qc1 Qb3 39. Bf3 Qa2 40. Bg4
Be4 41. Qd1 Kf8 42. Be2 Bc2 43. Qc1 Qb3 44. Bf3 Bd3 45. Qd1 Qc4 46. Qa1 Qa6 47.
Qb2 Qa5 48. Qc1 Qa2 49. Qd1 Bb5 50. Bh5 Ke7 51. Kg2 g6 52. Bf3 Qb2 53. Qe1 Kd7
1/2-1/2

[Event "North American Open 2014"]
[Site "Las Vegas"]
[Date "2014.12.29"]
[Round "7.21"]
[White "Manvelyan, Hayk"]
[Black "Viswanadha, Kesav"]
[Result "1-0"]
[WhiteElo "2233"]
[BlackElo "2404"]
[PlyCount "65"]
[EventDate "2014.12.??"]
[EventType "swiss"]
[EventRounds "9"]
[EventCountry "USA"]
[Source "MonRoi"]

1. d4 Nf6 2. c4 e6 3. Nc3 Bb4 4. f3 c5 5. a3 Bxc3+ 6. bxc3 O-O 7. e4 Ne8 8. Bd3
Nc6 9. Ne2 b6 10. e5 f5 11. h4 Bb7 12. Qc2 Qc7 13. Be3 Na5 14. h5 b5 15. Nf4
Nxc4 16. Bxc4 bxc4 17. Ng6 cxd4 18. Bxd4 Rf7 19. Kf2 Qd8 20. Qd2 Nc7 21. Rh3
Nd5 22. Rah1 f4 23. Rh4 Qg5 24. Rg4 Qf5 25. Rhh4 hxg6 26. hxg6 Rff8 27. Bc5
Rfc8 28. Bd6 Qd3 29. Qxd3 cxd3 30. Rh3 Ne7 31. Bxe7 d2 32. Rgh4 d1=N+ 33. Ke1
1-0

[Event "North American Open 2014"]
[Site "Las Vegas"]
[Date "2014.12.29"]
[Round "7.22"]
[White "Winer, Steven"]
[Black "Krishnan, Varun"]
[Result "0-1"]
[WhiteElo "2380"]
[BlackElo "2276"]
[PlyCount "70"]
[EventDate "2014.12.??"]
[EventType "swiss"]
[EventRounds "9"]
[EventCountry "USA"]
[Source "MonRoi"]

1. d4 d5 2. c4 e6 3. Nc3 c6 4. e4 Bb4 5. Bd2 dxc4 6. Bxc4 Nf6 7. e5 Qxd4 8. Qe2
Nd5 9. Nf3 Qb6 10. O-O Nxc3 11. bxc3 Be7 12. Qe4 h6 13. Qg4 Kf8 14. Be3 Qc7 15.
Nd4 a6 16. f4 c5 17. f5 cxd4 18. fxe6 Qxc4 19. Rxf7+ Ke8 20. Rxe7+ Kxe7 21.
Qxg7+ Kxe6 22. Qxh8 Qxc3 23. Qf6+ Kd5 24. Qf7+ Be6 25. Qf3+ Kxe5 26. Bf4+ Kf6
27. Qf1 Bc4 28. Be5+ Kxe5 29. Re1+ Kd5 30. Qf5+ Kc6 31. Qf6+ Kc7 32. Qe5+ Kb6
33. Qd6+ Nc6 34. Rb1+ Bb5 35. a4 Re8 0-1

[Event "North American Open 2014"]
[Site "Las Vegas"]
[Date "2014.12.29"]
[Round "7.23"]
[White "Panchanatham, Vignesh"]
[Black "Li, Ruifeng"]
[Result "0-1"]
[WhiteElo "2238"]
[BlackElo "2351"]
[PlyCount "80"]
[EventDate "2014.12.??"]
[EventType "swiss"]
[EventRounds "9"]
[EventCountry "USA"]
[Source "MonRoi"]

1. d4 Nf6 2. c4 e6 3. Nf3 b6 4. g3 Bb7 5. Bg2 c5 6. O-O cxd4 7. Qxd4 Nc6 8. Qc3
Rc8 9. b3 Be7 10. Bb2 O-O 11. e4 d5 12. exd5 exd5 13. Rd1 Qe8 14. Bh3 d4 15.
Qe1 Rd8 16. Bg2 Bc5 17. Ne5 Bb4 18. Qe2 Bd6 19. f4 Nxe5 20. Bxb7 d3 21. Qd2
Bc5+ 22. Kh1 Neg4 23. Re1 Qd7 24. Bf3 Nf2+ 25. Qxf2 Bxf2 26. Rd1 Qh3 27. Bg2
Qh5 28. Nd2 Bxg3 29. h3 Bxf4 30. Bxf6 gxf6 31. Ne4 Be5 32. Rac1 Kh8 33. Nf2 d2
34. Rc2 Qe2 35. Kg1 Bg3 36. Rdxd2 Bxf2+ 37. Kh2 Qe5+ 38. Kh1 Qe1+ 39. Bf1 Qxf1+
40. Kh2 Qg1# 0-1

[Event "North American Open 2014"]
[Site "Las Vegas"]
[Date "2014.12.29"]
[Round "7.27"]
[White "Pazos, Plinio"]
[Black "Brown, Michael"]
[Result "1-0"]
[WhiteElo "2212"]
[BlackElo "2319"]
[PlyCount "99"]
[EventDate "2014.12.??"]
[EventType "swiss"]
[EventRounds "9"]
[EventCountry "USA"]
[Source "MonRoi"]

1. d4 Nf6 2. Nf3 e6 3. c4 b6 4. a3 Bb7 5. Nc3 d5 6. cxd5 Nxd5 7. e3 Be7 8. Bb5+
c6 9. Bd3 O-O 10. e4 Nxc3 11. bxc3 c5 12. O-O Qc8 13. Re1 Nd7 14. Qe2 Re8 15.
a4 a6 16. Bf4 Qc6 17. h3 Bf6 18. Bb1 cxd4 19. cxd4 e5 20. Rc1 Qd6 21. Bg3 Rec8
22. Bd3 a5 23. Bb5 Qe7 24. Re1 exd4 25. e5 Bxf3 26. Qxf3 Bg5 27. Rad1 Nc5 28.
Rxd4 Rd8 29. Red1 Rac8 30. h4 Rxd4 31. Rxd4 Bc1 32. Rd6 Bb2 33. Rxb6 Ne6 34.
Ba6 Rc1+ 35. Kh2 Ba3 36. Rb8+ Nf8 37. Rb7 Qe6 38. Qxa3 Qxa6 39. Rxf7 Kxf7 40.
Qxc1 Ne6 41. Qb1 g6 42. Qd1 Qc6 43. Qb3 h5 44. f3 Qc5 45. Qb7+ Kg8 46. Qd7 Qc4
47. Qe7 Qd5 48. Qf6 Kh7 49. Qf7+ Kh6 50. Qg8 1-0

[Event "North American Open 2014"]
[Site "Las Vegas"]
[Date "2014.12.29"]
[Round "7.30"]
[White "Liang, Awonder"]
[Black "Sinha, Sahil"]
[Result "1-0"]
[WhiteElo "2266"]
[BlackElo "2063"]
[PlyCount "57"]
[EventDate "2014.12.??"]
[EventType "swiss"]
[EventRounds "9"]
[EventCountry "USA"]
[Source "MonRoi"]

1. e4 c5 2. Nf3 g6 3. c3 Bg7 4. d4 cxd4 5. cxd4 d5 6. e5 Bg4 7. Bb5+ Nc6 8. O-O
Nh6 9. Bxc6+ bxc6 10. Nbd2 Nf5 11. h3 Bxf3 12. Nxf3 h5 13. b3 Qd7 14. Ba3 O-O
15. Rc1 Rfc8 16. Rc3 e6 17. Qc2 a5 18. Bc5 Qb7 19. g4 hxg4 20. hxg4 Nh6 21. Nh2
Qb5 22. Rh3 a4 23. b4 a3 24. Qd2 Ra4 25. Rxh6 Bxh6 26. Qxh6 Rxb4 27. Be7 Rb1
28. Bf6 Rxf1+ 29. Nxf1 1-0

[Event "North American Open 2014"]
[Site "Las Vegas"]
[Date "2014.12.29"]
[Round "8.2"]
[White "Yermolinsky, Alex"]
[Black "Bu, Xiangzhi"]
[Result "1/2-1/2"]
[WhiteElo "2519"]
[BlackElo "2691"]
[PlyCount "38"]
[EventDate "2014.12.??"]
[EventType "swiss"]
[EventRounds "9"]
[EventCountry "USA"]
[Source "MonRoi"]

1. d4 d5 2. c4 c6 3. Nc3 Nf6 4. Nf3 dxc4 5. a4 Bf5 6. e3 e6 7. Bxc4 Bb4 8. O-O
Nbd7 9. Qe2 O-O 10. e4 Bg6 11. Bd3 Bh5 12. e5 Nd5 13. Ne4 c5 14. Bg5 Qb8 15.
Bb5 Qc7 16. Rfc1 a6 17. Bxd7 Qxd7 18. dxc5 Qc7 19. Bh4 a5 1/2-1/2

[Event "North American Open 2014"]
[Site "Las Vegas"]
[Date "2014.12.29"]
[Round "8.3"]
[White "Zhou, Jianchao"]
[Black "Wang, Chen"]
[Result "1/2-1/2"]
[WhiteElo "2587"]
[BlackElo "2473"]
[PlyCount "66"]
[EventDate "2014.12.??"]
[EventType "swiss"]
[EventRounds "9"]
[EventCountry "USA"]
[Source "MonRoi"]

1. d4 d5 2. c4 e6 3. Nc3 Nf6 4. cxd5 exd5 5. Bg5 c6 6. e3 Bf5 7. Qf3 Bg6 8.
Bxf6 Qxf6 9. Qxf6 gxf6 10. Nge2 Bd6 11. Nf4 Nd7 12. Rc1 Nf8 13. g3 Ne6 14. Kd2
Ke7 15. h4 h5 16. Bd3 Rag8 17. a3 Bxf4 18. gxf4 Bxd3 19. Kxd3 Ng7 20. Rce1 Kd7
21. e4 Ne6 22. Ke3 Nc7 23. Reg1 dxe4 24. Nxe4 Nd5+ 25. Kf3 b6 26. f5 a5 27. Rg3
Rf8 28. Rg7 Ke7 29. Re1 Kd7 30. Reg1 Kc7 31. R1g6 Kd8 32. Rg1 Kc7 33. R1g6 Kd8
1/2-1/2

[Event "North American Open 2014"]
[Site "Las Vegas"]
[Date "2014.12.29"]
[Round "8.4"]
[White "Batchuluun, Tsegme"]
[Black "Sevillano, Enrico"]
[Result "1/2-1/2"]
[WhiteElo "2525"]
[BlackElo "2465"]
[PlyCount "60"]
[EventDate "2014.12.??"]
[EventType "swiss"]
[EventRounds "9"]
[EventCountry "USA"]
[Source "MonRoi"]

1. d4 Nf6 2. c4 e6 3. Nf3 d5 4. g3 dxc4 5. Bg2 Nc6 6. Qa4 Bb4+ 7. Bd2 Nd5 8.
Bxb4 Ndxb4 9. O-O Rb8 10. Na3 O-O 11. Qb5 b6 12. Qxc4 Qe7 13. Qc3 Ba6 14. Nc4
Bxc4 15. Qxc4 Na5 16. Qb5 c5 17. dxc5 Qxc5 18. Qa4 Rbc8 19. a3 Nd5 20. b4 Qc4
21. Ne5 Qd4 22. Bxd5 Qxd5 23. Nd7 Rfd8 24. bxa5 Qxd7 25. Qxd7 Rxd7 26. axb6
axb6 27. Rfb1 Rc6 28. Rb2 g6 29. Rab1 Ra7 30. Rxb6 Rxb6 1/2-1/2

[Event "North American Open 2014"]
[Site "Las Vegas"]
[Date "2014.12.29"]
[Round "8.7"]
[White "Mitkov, Nikola"]
[Black "Huang, Qian"]
[Result "1/2-1/2"]
[WhiteElo "2482"]
[BlackElo "2464"]
[PlyCount "67"]
[EventDate "2014.12.??"]
[EventType "swiss"]
[EventRounds "9"]
[EventCountry "USA"]
[Source "MonRoi"]

1. e4 d6 2. Nc3 e5 3. Bc4 c6 4. d3 Nd7 5. a4 Nc5 6. Nge2 Be6 7. Be3 Bxc4 8.
dxc4 a5 9. O-O Nf6 10. Ng3 h5 11. Bxc5 dxc5 12. Qf3 g6 13. Rad1 Qe7 14. Rd3 Bg7
15. Rfd1 O-O 16. h3 Rfd8 17. Nge2 Bf8 18. b3 Ne8 19. Qg3 Bg7 20. Qe3 Rxd3 21.
Qxd3 Nc7 22. Qd7 Kf8 23. Nc1 Ne6 24. N3e2 Qxd7 25. Rxd7 Rb8 26. Rd1 Ke7 27. Kf1
b6 28. Ke1 Ng5 29. f3 h4 30. Nd3 Ne6 31. Kf2 Rd8 32. Ke1 Rg8 33. Nf2 Rf8 34.
Nd3 1/2-1/2

[Event "North American Open 2014"]
[Site "Las Vegas"]
[Date "2014.12.29"]
[Round "8.8"]
[White "Akobian, Varuzhan"]
[Black "Yankovsky, Roman"]
[Result "0-1"]
[WhiteElo "2637"]
[BlackElo "2436"]
[PlyCount "98"]
[EventDate "2014.12.??"]
[EventType "swiss"]
[EventRounds "9"]
[EventCountry "USA"]
[Source "MonRoi"]

1. d4 Nf6 2. c4 b6 3. Nf3 Bb7 4. g3 g6 5. Bg2 Bg7 6. O-O O-O 7. Nc3 Ne4 8. Nxe4
Bxe4 9. Be3 d5 10. Rc1 Nc6 11. Qd2 Qd7 12. Rfd1 Rfd8 13. Qc3 Rac8 14. b3 dxc4
15. Qxc4 Na5 16. Qb4 c5 17. dxc5 Qxd1+ 18. Rxd1 Rxd1+ 19. Bf1 Bf5 20. g4 Nc6
21. Qa4 b5 22. Qxb5 Bxg4 23. Kg2 Be6 24. Qa6 Nb4 25. Qxa7 Bd5 26. Qxe7 Nc2 27.
Bf4 Bf8 28. Qe5 Ne1+ 29. Kg3 Nxf3 30. exf3 Rxf1 31. Kg2 Rd1 32. Qe2 Rd4 33. Be3
Rg4+ 34. Kf1 Rh4 35. Kg2 Rh5 36. b4 Rf5 37. a4 Rc6 38. a5 Rcf6 39. Qd3 Bxf3+
40. Kg3 Rd5 41. Qc2 Rd1 42. Bf4 Rd4 43. Kxf3 Rxb4 44. c6 Rfxf4+ 45. Kg2 Rfc4
46. Qa2 Rxc6 47. a6 Rb8 48. a7 Ra8 49. Qd5 Rcc8 0-1

[Event "North American Open 2014"]
[Site "Las Vegas"]
[Date "2014.12.29"]
[Round "8.10"]
[White "Kretchetov, Alexandre"]
[Black "Molner, Mackenzie"]
[Result "1/2-1/2"]
[WhiteElo "2264"]
[BlackElo "2522"]
[PlyCount "29"]
[EventDate "2014.12.??"]
[EventType "swiss"]
[EventRounds "9"]
[EventCountry "USA"]
[Source "MonRoi"]

1. Nf3 d5 2. d4 Nf6 3. c4 e6 4. Nc3 c6 5. e3 Nbd7 6. Qc2 Bd6 7. b3 O-O 8. Be2
e5 9. cxd5 cxd5 10. Nb5 Bb4+ 11. Bd2 Bxd2+ 12. Nxd2 a6 13. dxe5 Nxe5 14. Nd4
Bg4 15. Bxg4 1/2-1/2

[Event "North American Open 2014"]
[Site "Las Vegas"]
[Date "2014.12.29"]
[Round "8.12"]
[White "Shetty, Atulya"]
[Black "Gareyev, Timur"]
[Result "1-0"]
[WhiteElo "2307"]
[BlackElo "2621"]
[PlyCount "99"]
[EventDate "2014.12.??"]
[EventType "swiss"]
[EventRounds "9"]
[EventCountry "USA"]
[Source "MonRoi"]

1. c4 e6 2. Nf3 b6 3. g3 Bb7 4. Bg2 Nf6 5. O-O d5 6. b3 g6 7. Bb2 Bg7 8. e3 O-O
9. Qe2 Nbd7 10. d3 Re8 11. Nc3 c5 12. Rfd1 e5 13. cxd5 Nxd5 14. Nxd5 Bxd5 15.
Rac1 h6 16. Bc3 a5 17. Nd2 Bxg2 18. Kxg2 Nf6 19. Nc4 b5 20. Nd2 a4 21. Ba1 Qb6
22. Ne4 Nd7 23. Qf3 axb3 24. axb3 Ra3 25. Nd2 Nb8 26. Qe4 Nd7 27. d4 cxd4 28.
Bxd4 Qe6 29. Rc6 Qe7 30. Bb2 Ra2 31. Qb1 Nb8 32. Rxg6 Qb7+ 33. Kg1 Rxb2 34.
Rxg7+ Kxg7 35. Qxb2 Qd5 36. Rc1 Rd8 37. Nf1 Nd7 38. b4 Nf6 39. Rc5 Qf3 40. Rxe5
Rd1 41. Rxb5 Kg8 42. Rb6 Nd5 43. Rb8+ Kh7 44. Rh8+ Kg6 45. Qe5 Nf6 46. Qf4 Qh5
47. Kg2 Kg7 48. e4 Re1 49. Rd8 Rxe4 50. Qd6 1-0

[Event "North American Open 2014"]
[Site "Las Vegas"]
[Date "2014.12.29"]
[Round "8.13"]
[White "Vittorino, Carlo"]
[Black "Vera, Reinaldo"]
[Result "1/2-1/2"]
[WhiteElo "2322"]
[BlackElo "2445"]
[PlyCount "26"]
[EventDate "2014.12.??"]
[EventType "swiss"]
[EventRounds "9"]
[EventCountry "USA"]
[Source "MonRoi"]

1. e4 c5 2. Nf3 e6 3. c3 Nf6 4. e5 Nd5 5. d4 cxd4 6. cxd4 d6 7. Nc3 Nc6 8. Nxd5
exd5 9. Be2 Be7 10. O-O O-O 11. Bf4 Be6 12. Qd2 Rc8 13. Rac1 Qd7 1/2-1/2

[Event "North American Open 2014"]
[Site "Las Vegas"]
[Date "2014.12.29"]
[Round "8.14"]
[White "Krishnan, Varun"]
[Black "Ruiz, Joshua"]
[Result "0-1"]
[WhiteElo "2276"]
[BlackElo "2377"]
[PlyCount "154"]
[EventDate "2014.12.??"]
[EventType "swiss"]
[EventRounds "9"]
[EventCountry "USA"]
[Source "MonRoi"]

1. e4 c5 2. Nf3 d6 3. d4 cxd4 4. Nxd4 Nf6 5. Nc3 g6 6. Be3 Bg7 7. f3 O-O 8. Qd2
Nc6 9. O-O-O Nxd4 10. Bxd4 Be6 11. Kb1 Qc7 12. g4 Rfc8 13. h4 Qa5 14. a3 Rab8
15. h5 b5 16. h6 Bh8 17. g5 b4 18. Nb5 Ne8 19. Bxh8 Kxh8 20. Qxb4 Qxb4 21. axb4
Bc4 22. Nxa7 Rc7 23. Bxc4 Rxc4 24. b5 Rc7 25. Nc6 Rxb5 26. Rd5 Rb6 27. Na5 Ra7
28. Nc4 Rba6 29. Na3 Nc7 30. Rd3 Ne6 31. Rb3 Ra8 32. Rg1 Kg8 33. c3 Kf8 34. Kc2
Rc8 35. Kd2 Ra5 36. Rb5 Rxb5 37. Nxb5 Rb8 38. c4 Rc8 39. Kd3 Rc5 40. Ra1 Ke8
41. Ra8+ Kd7 42. Ra7+ Kd8 43. Nd4 Nxg5 44. b4 Rc7 45. Ra8+ Kd7 46. b5 e5 47.
Nc6 Nxf3 48. Na5 Rc8 49. Ra7+ Ke6 50. b6 Rb8 51. Nc6 Rxb6 52. Nd8+ Kf6 53.
Rxf7+ Kg5 54. Rxf3 Kxh6 55. Kc3 g5 56. Rf6+ Kg7 57. Rf5 Kg6 58. Ne6 g4 59. Nf8+
Kh6 60. Rf6+ Kg7 61. Rf5 h6 62. Nd7 Ra6 63. Kd3 Ra2 64. Ke3 g3 65. Rf3 Ra3+ 66.
Ke2 g2 67. Rxa3 g1=Q 68. Rf3 Qg2+ 69. Ke3 Qg5+ 70. Ke2 Qd8 71. Nf6 Qxf6 72.
Rxf6 Kxf6 73. Kf3 Kg5 74. Kg3 h5 75. Kf3 h4 76. Ke3 Kg4 77. Kf2 Kf4 0-1

[Event "North American Open 2014"]
[Site "Las Vegas"]
[Date "2014.12.29"]
[Round "8.16"]
[White "Li, Ruifeng"]
[Black "Atoufi, Pedram"]
[Result "1/2-1/2"]
[WhiteElo "2351"]
[BlackElo "2274"]
[PlyCount "93"]
[EventDate "2014.12.??"]
[EventType "swiss"]
[EventRounds "9"]
[EventCountry "USA"]
[Source "MonRoi"]

1. e4 e5 2. Nf3 Nc6 3. Bb5 a6 4. Ba4 Nf6 5. O-O Be7 6. Nc3 d6 7. Bxc6+ bxc6 8.
d4 Nd7 9. Be3 O-O 10. dxe5 dxe5 11. Na4 Rb8 12. c4 f6 13. Qc2 Qe8 14. Ne1 Qg6
15. f3 Nb6 16. Nc5 f5 17. Ned3 f4 18. Bd2 Qh5 19. b4 Rf6 20. Qc3 Bd6 21. Nf2
Rh6 22. h3 Rg6 23. Ng4 Qg5 24. Nd3 h5 25. c5 hxg4 26. fxg4 Bd7 27. cxd6 cxd6
28. a4 Kh7 29. Ne1 Re6 30. Nf3 Qg6 31. Rfe1 Kh8 32. Re2 Rbe8 33. Be1 d5 34. Qc5
Nc8 35. exd5 cxd5 36. Qxd5 Nb6 37. Qe4 Qxe4 38. Rxe4 Nxa4 39. Bd2 Bc6 40. Re2
Bb5 41. Re4 Bc6 42. Re2 Bb5 43. Re4 Bc6 44. Ree1 Bb5 45. Re4 Bc6 46. Ree1 Bb5
47. Re4 1/2-1/2

[Event "North American Open 2014"]
[Site "Las Vegas"]
[Date "2014.12.29"]
[Round "8.17"]
[White "Nanjo, Ryosuke"]
[Black "Wheeler, Cameron"]
[Result "1-0"]
[WhiteElo "2348"]
[BlackElo "2284"]
[PlyCount "87"]
[EventDate "2014.12.??"]
[EventType "swiss"]
[EventRounds "9"]
[EventCountry "USA"]
[Source "MonRoi"]

1. e4 e6 2. d4 d5 3. Nc3 Nf6 4. e5 Nfd7 5. f4 c5 6. Nf3 Nc6 7. Be3 a6 8. Qd2 b5
9. a3 Qa5 10. Rb1 Qb6 11. Nd1 a5 12. dxc5 Bxc5 13. b4 Bxe3 14. Qxe3 d4 15. Qd3
axb4 16. axb4 Ra2 17. Qxb5 Rxc2 18. Qxb6 Nxb6 19. b5 Ne7 20. Nxd4 Rc7 21. Be2
O-O 22. Ne3 Rd8 23. Rd1 Bb7 24. O-O Ned5 25. Nxd5 Nxd5 26. Nb3 Ra8 27. g3 Ra2
28. Bf3 g5 29. Rc1 Rxc1 30. Nxc1 Rc2 31. Nd3 gxf4 32. gxf4 Rc3 33. Be2 Rc2 34.
Rf2 Ra2 35. Nc5 Ba8 36. Bf3 Ra1+ 37. Rf1 Ra5 38. Rb1 Nc3 39. Rb3 Bxf3 40. Rxc3
Rxb5 41. Nd7 Bd5 42. Nf6+ Kg7 43. Rg3+ Kh6 44. Rg5 1-0

[Event "North American Open 2014"]
[Site "Las Vegas"]
[Date "2014.12.29"]
[Round "8.18"]
[White "Velikanov, Alexander"]
[Black "Kavutskiy, Kostya"]
[Result "0-1"]
[WhiteElo "2234"]
[BlackElo "2332"]
[PlyCount "86"]
[EventDate "2014.12.??"]
[EventType "swiss"]
[EventRounds "9"]
[EventCountry "USA"]
[Source "MonRoi"]

1. Nf3 Nf6 2. c4 e6 3. Nc3 Bb4 4. g4 h6 5. Rg1 c5 6. g5 hxg5 7. Rxg5 Kf8 8. Qc2
d6 9. Bg2 Nc6 10. a3 Bxc3 11. Qxc3 e5 12. d3 Nd4 13. b4 cxb4 14. axb4 Ne6 15.
h4 Nxg5 16. hxg5 Ne8 17. Be3 Bh3 18. Bxh3 Rxh3 19. Bxa7 Rh1+ 20. Kd2 Rxa1 21.
Qxa1 Kg8 22. Bb6 Qxg5+ 23. Nxg5 Rxa1 24. Ne4 Kf8 25. c5 d5 26. Nc3 Nf6 27. Bc7
d4 28. Nb5 Ra2+ 29. Ke1 Ng4 30. Nd6 Ra1+ 31. Kd2 Nxf2 32. Nxb7 Ra2+ 33. Ke1 Ng4
34. Kf1 Ne3+ 35. Kf2 e4 36. c6 exd3 37. Bd6+ Ke8 38. c7 Rxe2+ 39. Kf3 Rc2 40.
Nc5 Rxc5 41. bxc5 Kd7 42. c6+ Kc8 43. Bb4 Nc4 0-1

[Event "North American Open 2014"]
[Site "Las Vegas"]
[Date "2014.12.29"]
[Round "8.22"]
[White "Colas, Joshua"]
[Black "Song, Edward"]
[Result "1-0"]
[WhiteElo "2220"]
[BlackElo "2289"]
[PlyCount "103"]
[EventDate "2014.12.??"]
[EventType "swiss"]
[EventRounds "9"]
[EventCountry "USA"]
[Source "MonRoi"]

1. d4 d5 2. c4 c6 3. Nf3 Nf6 4. e3 Bg4 5. Nbd2 e6 6. Be2 Nbd7 7. O-O Bd6 8. b3
Qe7 9. Bb2 O-O 10. Ne5 Bxe2 11. Qxe2 Ba3 12. Bc3 Bb4 13. Bxb4 Qxb4 14. Nxd7
Nxd7 15. a3 Qe7 16. e4 dxe4 17. Nxe4 Nf6 18. Nxf6+ Qxf6 19. Qe5 Rfd8 20. Qxf6
gxf6 21. Rfd1 Rd6 22. Rd3 Rad8 23. Rad1 f5 24. Kf1 Kg7 25. Ke2 Kf6 26. R1d2
R6d7 27. f4 Rd6 28. Kd1 Kg7 29. Kc2 h6 30. Kc3 Kg6 31. a4 a5 32. Re2 f6 33. c5
R6d7 34. Rxe6 h5 35. Re2 Rh8 36. Kc4 Rhd8 37. g3 Kf7 38. Red2 Rd5 39. Rb2 R5d7
40. b4 axb4 41. Rxb4 Kg6 42. a5 h4 43. gxh4 Kh5 44. Rb6 Ra8 45. a6 Rxa6 46.
Rxa6 bxa6 47. d5 cxd5+ 48. Rxd5 Rf7 49. Rxf5+ Kxh4 50. c6 Kg4 51. Rc5 Rc7 52.
f5 1-0